000 00617nam a22002057a 4500
003 DO-SdBNP
005 20171124141546.0
008 171124b 1974 n mx ||||| |||| 00| 0 spa d
040 _aBPMSU
_bspa
_cBPMSU
092 _axxxx
_bxxxx
100 1 _aDefoe, Daniel
245 1 0 _aAventuras de Robinsón Crusoé /
_c Daniel Defoe.
260 _aMéxico :
_bNacional,
_c1974.
300 _a268 p. :
_bil. ;
_c18 cm.
490 1 _aEconómica : libros de bolsillo
830 0 _aEconómica : libros de bolsillo
942 _2ddc
_cBK
945 _aImventariado 2017/ LP
956 _aLOPEREZ
_b10
_c20171124
_h0041
_iBPMSU
999 _c13097
_d13097